LIBRARY & INFORMATION CENTRE, KCAET, TAVANUR

ONLINE PUBLIC ACCESS CATALOGUE (OPAC)

Design analysis of KAU pokkali paddy harvester towards the development of its scale down prototype (Record no. 15523)

MARC details
000 -LEADER
fixed length control field 00555nam a22001577a 4500
003 - CONTROL NUMBER IDENTIFIER
control field OSt
008 - FIXED-LENGTH DATA ELEMENTS--GENERAL INFORMATION
fixed length control field 180904b ||||| |||| 00| 0 eng d
082 ## - DEWEY DECIMAL CLASSIFICATION NUMBER
Classification number 631.1
Item number VEN/DE
100 ## - MAIN ENTRY--AUTHOR NAME
Personal name Venkata Reddy, H.K
245 ## - TITLE STATEMENT
Title Design analysis of KAU pokkali paddy harvester towards the development of its scale down prototype
260 ## - PUBLICATION, DISTRIBUTION, ETC. (IMPRINT)
Place of publication Thavanur
Name of publisher Department of farm machinery and power engineering
Year of publication 2018
300 ## - PHYSICAL DESCRIPTION
Number of Pages 153
Accompanying material CD
700 ## - ADDED ENTRY--PERSONAL NAME
Personal name Jayan, P.R (Guide)
856 ## - ELECTRONIC LOCATION AND ACCESS
Uniform Resource Identifier <a href="https://drive.google.com/open?id=1_h8RMOsMzkEvw1yQzg6SLSXVJx84qA90">https://drive.google.com/open?id=1_h8RMOsMzkEvw1yQzg6SLSXVJx84qA90</a>
942 ## - ADDED ENTRY ELEMENTS (KOHA)
Koha item type Theses
Holdings
Withdrawn status Lost status Damaged status Home library Current library Date acquired Full call number Accession Number Koha item type Public note
      KAUAET KAUAET 04/09/2018 631.1 VEN/DE T 423 Theses M.Tech Thesis
free website counter